Maggior numero di Vittorie al Gran Premio di Monaco - Statistics

Statistiche generali
  • Questo quiz è stato fatto 14 volte
  • Il punteggio medio è 9 su 17
Statistiche sulle risposte
Numero vittorie Stagioni delle vittorie Pilota % Corretto
6 1987, 1989, 1990, 1991, 1992, 1993 Ayrton Senna
100%
3 2013, 2014, 2015 Lewis Hamilton
100%
5 1994, 1995, 1997, 1999, 2001 Michael Schumacher
100%
4 1984, 1985, 1986, 1988 Alain Prost
93%
2 2006, 2007 Fernando Alonso
79%
2 1975, 1976 Niki Lauda
79%
2 1950, 1957 Juan Manuel Fangio
71%
5 1963, 1964, 1965, 1968, 1969 Graham Hill
57%
3 2008, 2016, 2019 Nico Rosberg
50%
2 2010, 2012 Mark Webber
43%
2 2021, 2023 Max Verstappen
36%
2 2000, 2002 David Coulthard
29%
3 1966, 1971, 1973 Jackie Stewart
29%
2 2011, 2017 Sebastian Vettel
29%
2 1977, 1979 Jody Scheckter
21%
3 1956, 1960, 1961 Stirling Moss
7%
2 1955, 1958 Maurice Trintignant
0%
Nessun quiz corrispondente trovato
Distribuzione punteggi
Percentuale di utenti per punteggio
Percentile per numero di risposta
I tuoi punteggi nel tempo
Non hai fatto questo quiz